Statistiques concernant Clubs de Ligue 2 BKT (2021-2022)

Cliquez ici pour prendre le quiz!

Statistiques générales

  • Ce quiz a été pris 54 fois
  • Le résultat moyen est 17 sur 20

Statistiques - réponses

% Correct
Toulouse FC
98%
AC Ajaccio
93%
AJ Auxerre
93%
Paris FC
93%
SC Bastia
93%
SM Caen
91%
FC Sochaux-Montbéliard
89%
Amiens SC
87%
DIjon FCO
87%
Le Havre AC
87%
Pau FC
87%
Nîmes Olympique
84%
AS Nancy Lorraine
82%
Grenoble Foot 38
82%
Valenciennes FC
82%
EA Guingamp
80%
Rodez AF
78%
USL Dunkerque
78%
US Quevilly-Rouen Métropole
73%
Chamois Niortais
69%

Distribution des résultats

Percentile par nombre de réponses

% des personnes avec chaque résultat

Votre développement - résultats

Vous n’avez pas pris ce quiz